Name Dropping #44: Best Actress Oscars (1971-1980) - Statistics

General Stats
  • This quiz has been taken 26 times
  • The average score is 17 of 20
Answer Stats
Hint Extra Hint Answer % Correct
Ingrid BSA, 1974, Murder on the Orient Express Bergman
100%
Meryl BSA, 1979, Kramer vs. Kramer Streep
100%
Faye BA, 1976, Network Dunaway
96%
Sally BA, 1979, Norma Rae Field
96%
Diane BA, 1977, Annie Hall Keaton
96%
Sissy BA, 1980: Coal Miner's Daughter Spacek
96%
Ellen BA, 1974, Alice Doesn't Live Here Anymore Burstyn
91%
Liza BA, 1972, Cabaret Minnelli
91%
Vanessa BSA, 1977, Julia Redgrave
91%
Maggie BSA, 1978, California Suite Smith
91%
Jane BA, 1971, Klute Fonda
87%
Jane BA, 1978, Coming Home Fonda
87%
Glenda BA, 1973, A Touch of Class Jackson
87%
Tatum BSA, 1973, Paper Moon O’Neal
87%
Chloris BSA, 1971, The Last Picture Show Leachman
83%
Mary BSA, 1980, Melvin (and Howard) Steenburgen
78%
Louise BA, 1975, One Flew Over the Cuckoo's Nest Fletcher
70%
Lee BSA, 1975, Shampoo Grant
65%
Eileen BSA, 1972, Butterflies Are Free Heckart
61%
Beatrice BSA, 1976, Network Straight
43%
No matching quizzes found
Score Distribution
Percent of People with Each Score
Percentile by Number Answered
Your Score History
You have not taken this quiz